Les sportifs qui possèdent le même prénoms - Statistiques

Statistiques générales
  • Ce quiz a été pris 61 fois
  • Le résultat moyen est 12 sur 15
Statistiques - réponses
Hint Réponse % Correct
Jordan ; Schumacher Michael
93%
Karabatic ; Anelka Nicolas
93%
Gasly ; Ambroise bosse Pierre
93%
Prost ; Bernard Alain
89%
Kane ; Maguire Harry
88%
Wembanyama ; Gyokeres Victor
88%
Sanchez ; Lebrun Alexis
86%
Bardet ; Grosjean Romain
84%
Donnarumma Buffon Gianluigi
82%
Seixas ; Magnier Paul
81%
Lacourt ; Bened Camille
79%
Peyraud-magnin ; Ferrand-prévot Pauline
75%
Littler ; Shaw Luke
74%
Lombardot ; Piastri Oscar
60%
Jacquelin ; Claude Emilien
51%
Aucun quiz correspondant
Distribution des résultats
% des personnes avec chaque résultat
Percentile par nombre de réponses
Votre historique - résultats
Vous n’avez pas pris ce quiz